<?xml version="1.0" encoding="UTF-8"?>
<record
    xmlns:xsi="http://www.w3.org/2001/XMLSchema-instance"
    xsi:schemaLocation="http://www.loc.gov/MARC21/slim http://www.loc.gov/standards/marcxml/schema/MARC21slim.xsd"
    xmlns="http://www.loc.gov/MARC21/slim">

  <leader>03296aam a2200457 i 4500</leader>
  <controlfield tag="003">CO-MdUADB</controlfield>
  <controlfield tag="005">20260508091229.0</controlfield>
  <controlfield tag="007">ta</controlfield>
  <controlfield tag="008">221108s1997    ck  |||gr|||| 001 0 spa d</controlfield>
  <datafield tag="020" ind1=" " ind2=" ">
    <subfield code="a">9586650081</subfield>
    <subfield code="q">ISBN-10</subfield>
  </datafield>
  <datafield tag="020" ind1=" " ind2=" ">
    <subfield code="a">9789586650083</subfield>
    <subfield code="q">ISBN-13</subfield>
  </datafield>
  <datafield tag="020" ind1=" " ind2=" ">
    <subfield code="a">9586650006</subfield>
    <subfield code="q">ISBN-colecci&#xF3;n</subfield>
  </datafield>
  <datafield tag="024" ind1="7" ind2=" ">
    <subfield code="2">viaf</subfield>
    <subfield code="a">7287152200840214400004</subfield>
  </datafield>
  <datafield tag="040" ind1=" " ind2=" ">
    <subfield code="a">CO-MdUADB</subfield>
    <subfield code="b">spa</subfield>
    <subfield code="c">CO-MdUADB</subfield>
    <subfield code="d">rda</subfield>
  </datafield>
  <datafield tag="041" ind1="1" ind2=" ">
    <subfield code="a">spa</subfield>
    <subfield code="h">eng</subfield>
  </datafield>
  <datafield tag="082" ind1="7" ind2="4">
    <subfield code="a">342</subfield>
  </datafield>
  <datafield tag="100" ind1="1" ind2=" ">
    <subfield code="a">Ely, John Hart,</subfield>
    <subfield code="d">1938-2003</subfield>
    <subfield code="e">aut</subfield>
    <subfield code="9">492201</subfield>
  </datafield>
  <datafield tag="245" ind1="1" ind2="0">
    <subfield code="a">Democracia y desconfianza :</subfield>
    <subfield code="b">una teor&#xED;a del control constitucional /</subfield>
    <subfield code="c">John Hart Ely ; traducci&#xF3;n Magdalena Holgu&#xED;n.</subfield>
  </datafield>
  <datafield tag="246" ind1="1" ind2="1">
    <subfield code="a">Democracy and Distrust :</subfield>
    <subfield code="b">A Theory of Judicial Review</subfield>
  </datafield>
  <datafield tag="264" ind1=" " ind2="1">
    <subfield code="a">Bogot&#xE1; :</subfield>
    <subfield code="b">Siglo del Hombre Editores;</subfield>
    <subfield code="b">Universidad de los Andes. Facultad de Derecho,</subfield>
    <subfield code="c">1997.</subfield>
  </datafield>
  <datafield tag="300" ind1=" " ind2=" ">
    <subfield code="a">xv, 291 p&#xE1;ginas ;</subfield>
    <subfield code="c">21 cm.</subfield>
  </datafield>
  <datafield tag="336" ind1=" " ind2=" ">
    <subfield code="a">texto</subfield>
    <subfield code="b">txt</subfield>
    <subfield code="2">rdacontent</subfield>
  </datafield>
  <datafield tag="337" ind1=" " ind2=" ">
    <subfield code="a">no mediado</subfield>
  </datafield>
  <datafield tag="338" ind1=" " ind2=" ">
    <subfield code="a">volumen</subfield>
  </datafield>
  <datafield tag="377" ind1=" " ind2=" ">
    <subfield code="a">spa</subfield>
    <subfield code="l">Espa&#xF1;ol</subfield>
  </datafield>
  <datafield tag="490" ind1="1" ind2=" ">
    <subfield code="3">(Nuevo Pensamiento Jur&#xED;dico)</subfield>
  </datafield>
  <datafield tag="500" ind1=" " ind2=" ">
    <subfield code="a">Incluye &#xED;ndice alfab&#xE9;tico</subfield>
  </datafield>
  <datafield tag="504" ind1=" " ind2=" ">
    <subfield code="a">Incluye referencias bibliogr&#xE1;ficas</subfield>
  </datafield>
  <datafield tag="505" ind1="0" ind2="0">
    <subfield code="t">1. La seducci&#xF3;n del textualismo --</subfield>
    <subfield code="t">2. La imposibilidad de un textualismo limitado por cl&#xE1;usulas --</subfield>
    <subfield code="t">3. El descubrimiento de los valores fundamentales --</subfield>
    <subfield code="t">4. La vigilancia del proceso de representaci&#xF3;n: la Corte como &#xE1;rbitro --</subfield>
    <subfield code="t">5. El despeje de los canales del cambio pol&#xED;tico --</subfield>
    <subfield code="t">6. C&#xF3;mo facilitar la representaci&#xF3;n de las minor&#xED;as</subfield>
  </datafield>
  <datafield tag="520" ind1="3" ind2=" ">
    <subfield code="a">En este libro, el autor desarrolla una teor&#xED;a de la revisi&#xF3;n judicial consistente con los supuestos impl&#xED;citos en nuestro sistema y estructurada de tal manera que los tribunales son instrumentos que ayudan a hacer realidad estos supuestos. La obra ofrece argumentos para legitimar el discurso de los jueces constitucionales, cuyo papel y mesurado ejercicio de poder es crucial para extraer todo el potencial de la democracia participativa. Ely expone una teor&#xED;a de la interpretaci&#xF3;n constitucional conocida como teor&#xED;a del proceso pol&#xED;tico. La teor&#xED;a sugiere que los jueces deben concentrarse en mantener un proceso democr&#xE1;tico que funcione bien y protegerse contra los sesgos sistem&#xE1;ticos en el proceso legislativo. (Tomado de la p&#xE1;gina web https://www.buscalibre.com.co/)</subfield>
  </datafield>
  <datafield tag="521" ind1=" " ind2=" ">
    <subfield code="a">P&#xFA;blico destinatario: P&#xFA;blico general</subfield>
  </datafield>
  <datafield tag="590" ind1=" " ind2=" ">
    <subfield code="a">BIBLIOTECA PERSONAL CARLOS GAVIRIA D&#xCD;AZ: AUT&#xD3;GRAFO. Libro con aut&#xF3;grafo de Carlos Gaviria D&#xED;az. CGD 342.02 E525</subfield>
  </datafield>
  <datafield tag="590" ind1=" " ind2=" ">
    <subfield code="a">BIBLIOTECA PERSONAL CARLOS GAVIRIA D&#xCD;AZ: PROCEDENCIA : Libro con nota de procedencia. "Obsequio de Magdalena Holgu&#xED;n". CGD 342.02 E525</subfield>
  </datafield>
  <datafield tag="590" ind1=" " ind2=" ">
    <subfield code="a">BIBLIOTECA PERSONAL CARLOS GAVIRIA D&#xCD;AZ: MARCAS. Libro con marcas, signos o convenciones manuscritas realizadas por Carlos Gaviria D&#xED;az. CGD 342.02 E525</subfield>
  </datafield>
  <datafield tag="590" ind1=" " ind2=" ">
    <subfield code="a">BIBLIOTECA PERSONAL CARLOS GAVIRIA D&#xCD;AZ: MATERIAL AGREGADO. Libro con material agregado por Carlos Gaviria D&#xED;az. [Separador en la p&#xE1;gina 75]. CGD 342.02 E525 e2</subfield>
  </datafield>
  <datafield tag="650" ind1="1" ind2="7">
    <subfield code="a">Democracia</subfield>
    <subfield code="2">lemb</subfield>
    <subfield code="9">1551</subfield>
  </datafield>
  <datafield tag="650" ind1="1" ind2="7">
    <subfield code="a">Derecho constitucional</subfield>
    <subfield code="2">lemb</subfield>
    <subfield code="9">42014</subfield>
  </datafield>
  <datafield tag="700" ind1="1" ind2=" ">
    <subfield code="a">Holgu&#xED;n, Magdalena,</subfield>
    <subfield code="e">trl</subfield>
    <subfield code="9">856133</subfield>
  </datafield>
  <datafield tag="830" ind1="1" ind2=" ">
    <subfield code="a">Biblioteca Universitaria Ciencias Sociales y Humanidades. Nuevo Pensamiento Jur&#xED;dico (Siglo del Hombre Editores)</subfield>
    <subfield code="9">854707</subfield>
  </datafield>
  <datafield tag="942" ind1=" " ind2=" ">
    <subfield code="2">ddc</subfield>
    <subfield code="c">BOOK</subfield>
  </datafield>
  <datafield tag="999" ind1=" " ind2=" ">
    <subfield code="c">761118</subfield>
    <subfield code="d">761118</subfield>
  </datafield>
  <datafield tag="952" ind1=" " ind2=" ">
    <subfield code="0">0</subfield>
    <subfield code="1">0</subfield>
    <subfield code="4">0</subfield>
    <subfield code="7">0</subfield>
    <subfield code="8">GEN</subfield>
    <subfield code="a">BC</subfield>
    <subfield code="b">BC</subfield>
    <subfield code="d">1998-07-22</subfield>
    <subfield code="e">Libreria Simsalabim</subfield>
    <subfield code="g">31000.00</subfield>
    <subfield code="i">C320593</subfield>
    <subfield code="l">0</subfield>
    <subfield code="o">342.2013 E52d</subfield>
    <subfield code="p">61000002911077</subfield>
    <subfield code="r">2023-04-22 00:00:00</subfield>
    <subfield code="t">1</subfield>
    <subfield code="w">2023-04-22</subfield>
    <subfield code="y">BOOK</subfield>
  </datafield>
  <datafield tag="952" ind1=" " ind2=" ">
    <subfield code="0">0</subfield>
    <subfield code="1">0</subfield>
    <subfield code="4">0</subfield>
    <subfield code="7">0</subfield>
    <subfield code="8">GEN</subfield>
    <subfield code="a">BC</subfield>
    <subfield code="b">BC</subfield>
    <subfield code="d">2000-06-22</subfield>
    <subfield code="e">Material adquirido por donaci&#xF3;n</subfield>
    <subfield code="i">C638818</subfield>
    <subfield code="l">2</subfield>
    <subfield code="m">2</subfield>
    <subfield code="o">342.2013 E52d e2</subfield>
    <subfield code="p">61000003828551</subfield>
    <subfield code="r">2025-12-04 13:37:58</subfield>
    <subfield code="s">2025-11-12</subfield>
    <subfield code="t">2</subfield>
    <subfield code="w">2023-04-22</subfield>
    <subfield code="y">BOOK</subfield>
  </datafield>
  <datafield tag="952" ind1=" " ind2=" ">
    <subfield code="0">0</subfield>
    <subfield code="1">0</subfield>
    <subfield code="4">0</subfield>
    <subfield code="7">0</subfield>
    <subfield code="8">GENERAL</subfield>
    <subfield code="a">IEP</subfield>
    <subfield code="b">IEP</subfield>
    <subfield code="d">2005-07-07</subfield>
    <subfield code="e">Compras</subfield>
    <subfield code="i">C872246</subfield>
    <subfield code="l">0</subfield>
    <subfield code="o">I01194</subfield>
    <subfield code="p">0603591</subfield>
    <subfield code="r">2023-04-22 00:00:00</subfield>
    <subfield code="t">3</subfield>
    <subfield code="w">2023-04-22</subfield>
    <subfield code="y">BOOK</subfield>
  </datafield>
  <datafield tag="952" ind1=" " ind2=" ">
    <subfield code="0">0</subfield>
    <subfield code="1">0</subfield>
    <subfield code="2">ddc</subfield>
    <subfield code="4">0</subfield>
    <subfield code="5">1</subfield>
    <subfield code="7">0</subfield>
    <subfield code="8">FCGD</subfield>
    <subfield code="a">BC</subfield>
    <subfield code="b">BC</subfield>
    <subfield code="d">2019-08-30</subfield>
    <subfield code="e">Material adquirido por donaci&#xF3;n</subfield>
    <subfield code="g">30000.00</subfield>
    <subfield code="i">C1319666</subfield>
    <subfield code="l">0</subfield>
    <subfield code="o">CGD 342.02 E525</subfield>
    <subfield code="p">01080362</subfield>
    <subfield code="r">2023-05-04 00:00:00</subfield>
    <subfield code="w">2023-05-04</subfield>
    <subfield code="y">BOOKI</subfield>
    <subfield code="z">Aut&#xF3;grafo </subfield>
    <subfield code="z"> Procedencia </subfield>
    <subfield code="z"> Marcas</subfield>
  </datafield>
  <datafield tag="952" ind1=" " ind2=" ">
    <subfield code="0">0</subfield>
    <subfield code="1">0</subfield>
    <subfield code="2">ddc</subfield>
    <subfield code="4">0</subfield>
    <subfield code="5">1</subfield>
    <subfield code="7">0</subfield>
    <subfield code="8">FCGD</subfield>
    <subfield code="a">BC</subfield>
    <subfield code="b">BC</subfield>
    <subfield code="d">2022-02-01</subfield>
    <subfield code="e">Familia Carlos Gaviria D&#xED;az</subfield>
    <subfield code="f">DONA</subfield>
    <subfield code="g">35000.00</subfield>
    <subfield code="i">C13319420</subfield>
    <subfield code="l">0</subfield>
    <subfield code="o">CGD 342.02 E525 e2</subfield>
    <subfield code="p">01083211</subfield>
    <subfield code="r">2023-05-04 00:00:00</subfield>
    <subfield code="w">2023-05-04</subfield>
    <subfield code="y">BOOKI</subfield>
    <subfield code="z">Material agregado</subfield>
  </datafield>
</record>
